| 000 | 00380pab a2200145 454500 | ||
|---|---|---|---|
| 008 | 180718b1989 xxu||||| |||| 00| 0 eng d | ||
| 100 | _aLundahl, Mats | ||
| 245 | _aAgricultural credit in Tazania 1961-1966 | ||
| 260 | _c1989 | ||
| 300 | _a149-67 | ||
| 650 | _aAgricultural Credit - Tazania | ||
| 700 | _aLucian A. Msambichaka | ||
| 773 | _aSaving and Development | ||
| 909 | _a3369 | ||
| 999 |
_c3369 _d3369 |
||